एक मजेदार योजना / (Record no. 168634)
[ view plain ]
| 000 -LEADER | |
|---|---|
| fixed length control field | 01160nam a22002177a 4500 |
| 005 - DATE AND TIME OF LATEST TRANSACTION | |
| control field | 20191018105205.0 |
| 010 ## - LCCN (DPL NO) | |
| LC control number | B-730565 |
| 020 ## - INTERNATIONAL STANDARD BOOK NUMBER | |
| International Standard Book Number | 9789353093006 |
| Terms of availability | 40.00 |
| 035 ## - SYSTEM CONTROL NUMBER | |
| System control number | B-730565 |
| 037 ## - SOURCE OF ACQUISITION | |
| Source of stock number/acquisition | डी.बी.ए.डी./ उपहार |
| 082 ## - DEWEY DECIMAL CLASSIFICATION NUMBER | |
| Classification number | क |
| 100 ## - MAIN ENTRY--PERSONAL NAME | |
| Personal name | राघवन, राहुल |
| 245 ## - TITLE STATEMENT | |
| Title | एक मजेदार योजना / |
| Statement of responsibility, etc | राहुल राघवन ; रवि गुप्ता द्वारा चित्रांकित ; पुजा ओमवीर रावत द्वारा हिन्दी अनुवाद |
| 260 ## - PUBLICATION, DISTRIBUTION, ETC. (IMPRINT) | |
| Place of publication, distribution, etc | नई दिल्ली |
| Name of publisher, distributor, etc | प्रथम बुक्स |
| Date of publication, distribution, etc | 2018 |
| 270 ## - ADDRESS | |
| Address | #621, 2nd floor, 5th Main, OMBR Layout, Banaswadi, |
| City | Bengaluru |
| Postal code | 560043 |
| Telephone number | +91 80 42052574, 91 11 41042483 |
| 300 ## - PHYSICAL DESCRIPTION | |
| Extent | 16पृ. |
| Other physical details | सचित्र |
| Dimensions | 14x20 सेमी (अजिल्द) |
| 700 ## - ADDED ENTRY--PERSONAL NAME | |
| 9 (RLIN) | 28835 |
| Personal name | गुप्ता, रवि |
| 700 ## - ADDED ENTRY--PERSONAL NAME | |
| 9 (RLIN) | 28836 |
| Personal name | रावत, पुजा ओमवीर |
| 942 ## - ADDED ENTRY ELEMENTS (KOHA) | |
| Source of classification or shelving scheme | Dewey Decimal Classification |
| Item type | Children Books |
| Classification part | क |
| Call number suffix | राघव |
| Withdrawn status | Lost status | Not for loan | Collection code | Home library | Current library | Date acquired | Source of acquisition | Cost, normal purchase price | Full call number | Barcode | Copy number | Cost, replacement price | Koha item type | Public note |
|---|---|---|---|---|---|---|---|---|---|---|---|---|---|---|
| Fiction | Ashok Vihar | Ashok Vihar | 18/10/2019 | उपहार/26.09.19 | 40.00 | क राघव | B-730565 | 1 | 40.00 | Children Books | उपहार |
